| 000 | 00000nam##2200000za#4500 |
| 001 | 9.661885 |
| 003 | CaOODSP |
| 005 | 20210615120256 |
| 007 | ta |
| 008 | 150407|2000||||xxc||||| f|0| 0 eng|d |
| 020 | |a0-662-64996-6 |
| 040 | |aCaOODSP|beng |
| 041 | |aeng |
| 041 | |afre |
| 043 | |an-cn--- |
| 086 | 1 |aSF31-48/2000 |
| 110 | 1 |aCanada. |bOffice of the Commissioner of Official Languages. |
| 245 | 10|aOfficial languages in the Canadian sport system : |bVolume 2, Athlete survey: compilation of responses |
| 260 | |aOttawa - Ontario : |bOffice of the Commissioner of Official Languages |c2000. |
| 300 | |aEnglish text, 24p. ; |c28 cm. |
| 546 | |aBilingual |
| 563 | |aSoftcover |
| 590 | |a00-27|b2000-07-07 |
| 690 | 07|aOfficial languages|2gcpds |
| 690 | 07|aSports|2gcpds |
| 776 | 0#|tLes langues officielles dans le système sportif canadien. Volume 2, : |w(CaOODSP)9.630382 |
| 776 | 0#|tOfficial languages in the Canadian sports system. Volume 2, : |w(CaOODSP)9.685796 |
| 792 | |tLangues officielles dans le système sportif canadien : |efre|w(CaOODSP)9.661886 |